Surveyors acting as arbiter or independent expert in construction related disputes in Scotland (Record no. 102105)

MARC details
000 -LEADER
fixed length control field 01571cam a2200349 4500
008 - FIXED-LENGTH DATA ELEMENTS--GENERAL INFORMATION
fixed length control field 000000n2002 000 0 eng u
020 ## - INTERNATIONAL STANDARD BOOK NUMBER
International Standard Book Number 1854190512
035 ## - SYSTEM CONTROL NUMBER
System control number (Sirsi) u118151
041 ## - LANGUAGE CODE
Language code of text/sound track or separate title eng
050 ## - LIBRARY OF CONGRESS CALL NUMBER
Classification number 347.4109
-- 18
110 ## - MAIN ENTRY--CORPORATE NAME
Corporate name or jurisdiction name as entry element Royal Institution of Chartered Surveyors Scotland
9 (RLIN) 3082
245 ## - TITLE STATEMENT
Title Surveyors acting as arbiter or independent expert in construction related disputes in Scotland
Remainder of title guidance notes
260 ## - PUBLICATION, DISTRIBUTION, ETC.
Place of publication, distribution, etc. Edinburgh
Name of publisher, distributor, etc. RICS Scotland
Date of publication, distribution, etc. 2002
300 ## - PHYSICAL DESCRIPTION
Extent 43p.
Dimensions 30cm.
350 ## - PRICE (NR) (BK AM CF MU VM SE) [OBSOLETE]
Price 14
490 ## - SERIES STATEMENT
Series statement RICS Scotland Guidance Note
520 ## - SUMMARY, ETC.
Summary, etc. OUT OF DATE, ARCHIVED 13/04/2015.
520 ## - SUMMARY, ETC.
Summary, etc. These Guidance Notes have been prepared to provide assistance to members on the duties and procedures to be considered while acting as arbiter or independent expert.
520 ## - SUMMARY, ETC.
Summary, etc. Please note that there is separate guidance for England and Wales (ISBN 1842190237).
650 ## - SUBJECT ADDED ENTRY--TOPICAL TERM
Topical term or geographic name entry element ARBITER
650 ## - SUBJECT ADDED ENTRY--TOPICAL TERM
Topical term or geographic name entry element ARBITRATORS
650 ## - SUBJECT ADDED ENTRY--TOPICAL TERM
Topical term or geographic name entry element MANAGEMENT-DISPUTE AVOIDANCE, MANAGEMENT AND RESOLUTION-DISPUTE MANAGEMENT AND RESOLUTION-ARBITRATION
650 ## - SUBJECT ADDED ENTRY--TOPICAL TERM
Topical term or geographic name entry element CONSTRUCTION DISPUTES
650 ## - SUBJECT ADDED ENTRY--TOPICAL TERM
Topical term or geographic name entry element EXPERT WITNESSES
650 ## - SUBJECT ADDED ENTRY--TOPICAL TERM
Topical term or geographic name entry element INDEPENDENT EXPERT
650 ## - SUBJECT ADDED ENTRY--TOPICAL TERM
Topical term or geographic name entry element SCOTLAND
650 ## - SUBJECT ADDED ENTRY--TOPICAL TERM
Topical term or geographic name entry element SURVEYORS
690 ## - LOCAL SUBJECT ADDED ENTRY--TOPICAL TERM (OCLC, RLIN)
Topical term or geographic name as entry element DISPUTE RESOLUTION
9 (RLIN) 6236
710 ## - ADDED ENTRY--CORPORATE NAME
Corporate name or jurisdiction name as entry element Royal Institution of Chartered Surveyors
Subordinate unit Scotland Dispute Resolution Faculty
9 (RLIN) 4248
856 40 - ELECTRONIC LOCATION AND ACCESS
Uniform Resource Identifier <a href="https://www.rics.org/Global/Downloads/Surveyors_acting_as_arbiter_independent_experts_construction_disputes_Scotland_1st_edition_PGguidance_2002.pdf">https://www.rics.org/Global/Downloads/Surveyors_acting_as_arbiter_independent_experts_construction_disputes_Scotland_1st_edition_PGguidance_2002.pdf</a>
Public note View this item at www.rics.org
942 ## - ADDED ENTRY ELEMENTS (KOHA)
Suppress in OPAC 0
Holdings
Withdrawn status Lost status Source of classification or shelving scheme Damaged status Not for loan Home library Current library Shelving location Date acquired Total Checkouts Full call number Barcode Date last seen Copy number Price effective from Koha item type
    Dewey Decimal Classification     Virtual Virtual Online 16/08/2006   ONLINE PUBLICATION 118151-3001 06/08/2019 1 06/08/2019 Book